000 00282nam a2200121Ia 4500
008 191201s2012 xx 000 0 und d
100 _aNAG, PK
245 0 _aEngineering Thermodynamics
250 _a15th Rep
260 _c2012
_bTMH
_aNEW DELHI
300 _a804
942 _2ddc
_cBK
_01
999 _c8016
_d8016